[Event "Steinfurt Bezirksliga 1314"]
[Site "Germany"]
[Date "2014.04.26"]
[Round "8.2"]
[White "Fehlings, Gerd"]
[Black "Raus, Christina"]
[Result "1-0"]
[WhiteElo "1719"]
[BlackElo "1511"]
[PlyCount "103"]
[EventDate "2013.09.14"]
[EventType "team-tourn"]
[EventRounds "9"]
[EventCountry "GER"]
[SourceTitle "EXT 2015"]
[Source "ChessBase"]
[SourceDate "2014.11.20"]
[SourceVersion "1"]
[SourceVersionDate "2014.11.20"]
[SourceQuality "1"]
[WhiteTeam "Emsdetten Rochade II"]
[BlackTeam "Steinfurt III"]
[WhiteTeamCountry "GER"]
[BlackTeamCountry "GER"]

1. c4 Nf6 2. Nc3 e6 3. g3 d5 4. d4 c6 5. Bg2 dxc4 6. a4 Bb4 7. Nf3 Nd5 8. Qc2 Nd7 9. 0-0 Bxc3 10. bxc3 Qa5 11. Bd2 h6 12. e4 N5f6 13. Rab1 0-0 14. Bc1 Qc7 15. Nd2 e5 16. Nxc4 exd4 17. cxd4 c5 18. e5 Ne8 19. Ba3 Rb8 20. Nd6 cxd4 21. Qa2 Nxe5 22. Nxc8 Qxc8 23. Bxf8 Kxf8 24. Qd5 Nc6 25. Qc5+ Kg8 26. Bxc6 bxc6 27. Qxa7 Rxb1 28. Rxb1 Qf5 29. Re1 Nf6 30. Qxd4 Qh3 31. Qd8+ Kh7 32. Qd3+ g6 33. Qf3 Kg7 34. Qxc6 Ng4 35. Qg2 Qh5 36. h3 Qa5 37. Ra1 Qc3 38. Qf1 Nxf2 39. Kxf2 Qb2+ 40. Kg1 Qc3 41. Qe1 Qd4+ 42. Kg2 Qb2+ 43. Kf1 Qf6+ 44. Ke2 Qe6+ 45. Kd3 Qd5+ 46. Kc2 Qf5+ 47. Kb3 Kh7 48. h4 Qd5+ 49. Kb2 Qd4+ 50. Qc3 Qf2+ 51. Ka3 Qb6 52. Rd1 1-0

[Event "Muensterland Verbandsklasse-A 1112"]
[Site "Germany"]
[Date "2011.09.17"]
[Round "1.7"]
[White "Fehlings, Gerd"]
[Black "Mager, Helmut"]
[Result "1/2-1/2"]
[WhiteElo "1747"]
[BlackElo "1492"]
[PlyCount "61"]
[EventDate "2011.09.17"]
[EventType "team-tourn"]
[EventRounds "9"]
[EventCountry "GER"]
[SourceTitle "EXT 2013"]
[Source "ChessBase"]
[SourceDate "2012.11.22"]
[SourceVersion "1"]
[SourceVersionDate "2012.11.22"]
[SourceQuality "1"]
[WhiteTeam "Emsdetten Rochade"]
[BlackTeam "Bocholt II"]
[WhiteTeamCountry "GER"]
[BlackTeamCountry "GER"]

1. d4 c6 2. Nf3 d5 3. g3 Nf6 4. Bg2 Bf5 5. 0-0 e6 6. c4 Be7 7. Qb3 Qb6 8. Qxb6 axb6 9. cxd5 exd5 10. Nc3 0-0 11. Nh4 Be6 12. Rd1 Nbd7 13. a3 b5 14. Bf4 Nb6 15. Nf3 Nc4 16. Bc1 b4 17. Nb1 bxa3 18. Nxa3 b5 19. Nd2 Nxa3 20. bxa3 Ra4 21. Bb2 Rfa8 22. Rac1 R8a6 23. Nb1 Bf5 24. Nc3 R4a5 25. e4 dxe4 26. Re1 Bxa3 27. Bxa3 Rxa3 28. Nxe4 Nxe4 29. Bxe4 Bxe4 30. Rxe4 Kf8 31. Kg2 1/2-1/2